000 00376pab a2200145 454500
008 180718b2015 xxu||||| |||| 00| 0 eng d
100 _aSidana, Meena
245 _aIndia's trade with nafta countries: growth and composition
260 _c2015
300 _ap.39-58.
362 _aJun
700 _aMehta, Pradeep Kumar
773 _aMan and Development
909 _a108856
999 _c108851
_d108851